00593nam a22002057a 450000500170000001000130001702000110003003500130004103700160005404000120007008200160008210000180009824500470011626000320016327000410019530000360023650000190027265000670029165000290035820170124110106.0 aA-584282 c100.00 aA-584282 bCen Lib/Ret aDPLbEN a954.08bMAS aMason, Philip aThe men who ruled India /cby Philip Mason bRupa & Co.aNew Delhic1992 a7/16 Ansari Road bNew Delhie110002 axv, 368p. :c21cm(Hb)bcol.ill. aIncludes index aIndia -- History -- British occupation, 1765-1947 -- Biography aThe golden age 1798-1858